000 00958nmc a2200325 a 4500
003 AR-BaBNM
005 20251128205849.0
008 298019s1992 ||||||||||||||000 | spa||
020 _a84-7774-551-X
040 _cAR-BaBNM
100 1 _aFrisby, David
245 1 0 _aFragmentos de la modernidad
_bteorías de la modernidad en la obra de Simmel, Kracauer y Benjamin
260 _aMadrid
_bVisor
_c1992
300 0 _a500 p.
490 0 _aLa balsa de la medusa
_vv. 51
500 0 _aContiene referencias bibliográficas en p. 486
500 0 _aIndice analítico en p. 497
650 4 _aFILOSOFIA CONTEMPORANEA
650 4 _aSOCIOLOGIA CULTURAL
650 4 _aESTUDIOS CULTURALES
650 4 _aMARXISMO
650 4 _aCIENCIAS SOCIALES
653 0 _aMODERNIDAD
653 0 _aCRITICA FILOSOFICA
653 0 _aPOSMODERNIDAD
700 1 _aManzano, Carlos
_etraductor
800 1 _aBozal, Valeriano
_edirector
942 _cBK
998 _cMARTIN
999 _c13063
_d13063